Normal view
MARC view
- Edelman, Murray J.
Entry Personal Name
001 - CONTROL NUMBER
- control field: 15501
003 - CONTROL NUMBER IDENTIFIER
- control field: OSt
005 - DATE AND TIME OF LATEST TRANSACTION
- control field: 20260206103946.0
008 - FIXED-LENGTH DATA ELEMENTS
- fixed length control field: 260206|| aca||aabn | a|a d
040 ## - CATALOGING SOURCE
- Original cataloging agency: OSt
- Transcribing agency: OSt
100 ## - HEADING--PERSONAL NAME
- Personal name: Edelman, Murray J.
- Fuller form of name: (Murray Jacob)
670 ## - SOURCE DATA FOUND
- Source citation: Work cat.: (OSt)6099: Edelman, Murray J. (Murray Jacob),, The symbolic uses of politics, 1964.